"Mulut tempayan"

Bibliographic Details
Main Author: Rejab F.I
Format: Book
Published: Selangor : Pintar Firus , 2005
Series:Koleksi cerita peribahasa 2
Subjects:

MARC

LEADER 00000cam a2200000 7i4500
001 0000005330
005 20220105104011.0
008 070803
020 |a 983267364X(set) 
020 |a 9832673720 
090 0 0 |a JP   |b NS MAL (4447) 
100 0 |a Rejab F.I 
245 1 0 |a "Mulut tempayan"   |c Rejab F.I. 
260 |a Selangor :   |b Pintar Firus ,   |c 2005 
440 0 |a Koleksi cerita peribahasa 2 
500 |a Children age 4-6 years old (yellow) 
650 0 |a Children's stories, Malay 
650 0 |a Malay fiction 
999 |a 0000977902   |b Book   |c Children Collection   |e Perbadanan Perpustakaan Awam Johor 
999 |a 0000977903   |b Book   |c Children Collection   |e Cawangan Sri Merlong 
999 |a 0000977904   |b Book   |c Children Collection   |e Perbadanan Perpustakaan Awam Johor 
999 |a 0000977906   |b Book   |c Children Collection   |e Cawangan Bandar Tenggara 
999 |a 0001148480   |b Book   |c Children Collection   |e Cawangan Segamat 
999 |a 0001148481   |b Book   |c Children Collection   |e Cawangan Tmn. Ungku Tun Aminah 
999 |a 0001148482   |b Book   |c Children Collection   |e Cawangan Bandar Penawar 
999 |a 0001148483   |b Book   |c Children Collection   |e Cawangan Bukit Gambir